MARC

LEADER 00000nam2a2200000 4500
001 277696
005 20231101235035.0
035 |a (RuTPU)RU\TPU\book\300973 
090 |a 277696 
100 |a 20141205d1962 m y0rusy50 ca 
101 0 |a rus 
102 |a RU 
105 |a a j 001zy 
200 0 |a Ч. 2 
210 |d 1962 
215 |a 279 с.  |c ил. 
320 |a Библиография в конце глав. 
461 1 |0 (RuTPU)RU\TPU\book\301275  |t Основной курс гравиразведки  |o в 2 ч.  |f А. К. Маловичко  |g Пермский государственный университет (ПГУ)  |v Ч. 2  |d 1960-1962 
606 1 |a Гравиметрическая разведка  |x (геология)  |2 stltpush  |3 (RuTPU)RU\TPU\subj\39184  |9 59373 
610 1 |a вторые производные 
610 1 |a измерение 
610 1 |a интерпретация 
610 1 |a вариометрические наблюдения 
610 1 |a обработка 
610 1 |a изображение 
610 1 |a вариометрическая съемка 
610 1 |a Земля 
610 1 |a изучение 
610 1 |a формула Стокса 
610 1 |a гравиметрия 
610 1 |a геодезические задачи 
610 1 |a аномалии 
610 1 |a фундамент 
610 1 |a строение 
610 1 |a осадочные толщи 
610 1 |a поиски 
610 1 |a разведка 
610 1 |a учебные пособия 
675 |a 550.831(075.8)  |v 3 
801 1 |a RU  |b 63413507  |c 20141205 
801 2 |a RU  |b 63413507  |c 20210526  |g RCR 
942 |c BK